<?xml version="1.0" encoding="UTF-8"?>
<record
    xmlns:xsi="http://www.w3.org/2001/XMLSchema-instance"
    xsi:schemaLocation="http://www.loc.gov/MARC21/slim http://www.loc.gov/standards/marcxml/schema/MARC21slim.xsd"
    xmlns="http://www.loc.gov/MARC21/slim">

  <leader>01175nam a22003257a 4500</leader>
  <controlfield tag="005">20260422123134.0</controlfield>
  <controlfield tag="008">260422b2026    ag ||||| |||| 00| 0 spa d</controlfield>
  <datafield tag="020" ind1=" " ind2=" ">
    <subfield code="a">TI Audiencia in Voce - Cuesti&#xF3;n Preliminar - Sentencia  /26 fecha 17/4/26</subfield>
    <subfield code="b">IV</subfield>
  </datafield>
  <datafield tag="110" ind1=" " ind2=" ">
    <subfield code="a">Tribunal de Impugnaci&#xF3;n</subfield>
    <subfield code="9">1</subfield>
  </datafield>
  <datafield tag="245" ind1=" " ind2=" ">
    <subfield code="a">"CAY&#xDA;N, BEATRIZ ESTER S/ INCENDIO SEGUIDO DE MUERTE"/</subfield>
    <subfield code="c">Tribunal de Impugnaci&#xF3;n</subfield>
  </datafield>
  <datafield tag="300" ind1=" " ind2=" ">
    <subfield code="a">00:07:57</subfield>
  </datafield>
  <datafield tag="518" ind1=" " ind2=" ">
    <subfield code="a">17/04/26</subfield>
  </datafield>
  <datafield tag="653" ind1=" " ind2=" ">
    <subfield code="a">ANIMUS CURIAE</subfield>
  </datafield>
  <datafield tag="653" ind1=" " ind2=" ">
    <subfield code="a">AMIGOS DEL TRIBUNAL</subfield>
  </datafield>
  <datafield tag="653" ind1=" " ind2=" ">
    <subfield code="a">ASOCIACIONES CIVILES</subfield>
  </datafield>
  <datafield tag="653" ind1=" " ind2=" ">
    <subfield code="a">PARTICIPACI&#xD3;N CIUDADANA</subfield>
  </datafield>
  <datafield tag="653" ind1=" " ind2=" ">
    <subfield code="a">Ac. 7/2013 CSJN</subfield>
  </datafield>
  <datafield tag="653" ind1=" " ind2=" ">
    <subfield code="a">CUESTIONES DE TRASCENDENCIA COLECTIVA</subfield>
  </datafield>
  <datafield tag="653" ind1=" " ind2=" ">
    <subfield code="a">INTER&#xC9;S GENERAL</subfield>
  </datafield>
  <datafield tag="653" ind1=" " ind2=" ">
    <subfield code="a">DERECHOS DE INCIDENCIA COLECTIVA</subfield>
  </datafield>
  <datafield tag="653" ind1=" " ind2=" ">
    <subfield code="a">DEBIDO PROCESO</subfield>
  </datafield>
  <datafield tag="653" ind1=" " ind2=" ">
    <subfield code="a">PRINCIPIO DEL CONTRADICTORIO</subfield>
  </datafield>
  <datafield tag="653" ind1=" " ind2=" ">
    <subfield code="a">PROCESO ADVERSARIAL</subfield>
  </datafield>
  <datafield tag="700" ind1=" " ind2=" ">
    <subfield code="a">Juan Jose Nazareno Eulogio</subfield>
    <subfield code="9">42</subfield>
  </datafield>
  <datafield tag="700" ind1="1" ind2=" ">
    <subfield code="a">Patricia Romina Lupica Cristo</subfield>
    <subfield code="9">48</subfield>
  </datafield>
  <datafield tag="700" ind1="1" ind2=" ">
    <subfield code="a">Macagno, Mauricio</subfield>
    <subfield code="9">284</subfield>
  </datafield>
  <datafield tag="774" ind1=" " ind2=" ">
    <subfield code="a">LEG 50239/24</subfield>
  </datafield>
  <datafield tag="856" ind1=" " ind2=" ">
    <subfield code="u">https://drive.google.com/file/d/1Pb1lPyYXAh7fK1Tejm9vtPuK74PKMvTZ/view?usp=sharing</subfield>
    <subfield code="y">Audiencia in Voce - Cuesti&#xF3;n Preliminar</subfield>
  </datafield>
  <datafield tag="942" ind1=" " ind2=" ">
    <subfield code="2">ddc</subfield>
    <subfield code="c">IV</subfield>
  </datafield>
  <datafield tag="999" ind1=" " ind2=" ">
    <subfield code="c">1273</subfield>
    <subfield code="d">1273</subfield>
  </datafield>
</record>
